[Event "COL-ch U12 Girls"]
[Site "Florencia"]
[Date "2013.06.02"]
[Round "5"]
[White "Valencia Lopez, Daily Vanessa"]
[Black "Palomino Penaranda, Stefany Caro"]
[Result "1-0"]
[WhiteElo "1596"]
[BlackElo "1458"]
[PlyCount "191"]
[EventDate "2013.05.31"]
[EventType "swiss"]
[EventRounds "7"]
[EventCountry "COL"]
[SourceTitle "CBM 154 Extra"]
[Source "ChessBase"]
[SourceDate "2013.06.25"]
[SourceVersion "2"]
[SourceVersionDate "2013.06.25"]
[SourceQuality "1"]

1. e4 e5 2. Nf3 Nc6 3. d4 exd4 4. Bc4 Be7 5. c3 Nf6 6. e5 Ne4 7. cxd4 Bb4+ 8. Nbd2 Bxd2+ 9. Bxd2 Nxd2 10. Qxd2 0-0 11. 0-0 d5 12. Bd3 Bg4 13. Be2 Qd7 14. Qf4 Ne7 15. Qg5 h6 16. Qh4 Ng6 17. Qg3 Qf5 18. h3 Nf4 19. Bd1 Bh5 20. Kh1 Qd3 21. Re1 Ne6 22. Re3 Qf1+ 23. Kh2 Bxf3 24. Qxf3 Nxd4 25. Qxd5 Nc2 26. Bxc2 Qxa1 27. Qb3 Qf1 28. f3 Rad8 29. Qc3 Qf2 30. Rd3 Rxd3 31. Qxd3 g6 32. Bb3 Kg7 33. Qd7 Qxb2 34. f4 Qf2 35. e6 Qxf4+ 36. Kg1 Qe3+ 37. Kf1 Qf4+ 38. Ke2 Qe4+ 39. Kf2 Qf4+ 40. Kg1 Qc1+ 41. Kf2 Qf4+ 42. Ke2 Qe5+ 43. Kd2 Qb2+ 44. Kd3 Qb1+ 45. Kc3 Qe1+ 46. Kb2 Qe2+ 47. Kc1 Qe1+ 48. Kb2 Qe5+ 49. Kc1 Qd6 50. Qa4 Qc6+ 51. Qxc6 bxc6 52. exf7 c5 53. Kc2 Rd8 54. g3 Rd6 55. Kc3 Rf6 56. Bd5 h5 57. Kc4 Rf1 58. Be6 Rc1+ 59. Kb5 a6+ 60. Kc6 Kf8 61. Kd5 c4 62. Kd4 c3 63. Kd3 Rg1 64. g4 hxg4 65. hxg4 Rg3+ 66. Kc2 Re3 67. Bd5 Rg3 68. Be6 Re3 69. Bd5 a5 70. Kc1 Rd3 71. Be6 Rd2 72. Bb3 Rg2 73. Be6 c2 74. Kb2 a4 75. Kc1 c5 76. Kb2 Rd2 77. Kc1 Re2 78. Bd5 Re5 79. Bc4 Re4 80. Bd5 Re5 81. Bc4 Rg5 82. Be6 Re5 83. Bc4 Re1+ 84. Kxc2 Rg1 85. Be6 Rg2+ 86. Kc3 Rg3+ 87. Kc4 Ra3 88. Kxc5 Rc3+ 89. Kb4 Re3 90. Bd5 Re5 91. Kc4 Re7 92. Kb4 Rd7 93. Be6 Rd4+ 94. Ka3 Rd6 95. Bc4 Rc6 96. Kb4 1-0

[Event "COL-ch U12 Girls"]
[Site "Florencia"]
[Date "2013.06.01"]
[Round "4"]
[White "Palomino Penaranda, Stefany Caro"]
[Black "Varela, Maria de los Angele"]
[Result "0-1"]
[WhiteElo "1458"]
[BlackElo "1634"]
[PlyCount "48"]
[EventDate "2013.05.31"]
[EventType "swiss"]
[EventRounds "7"]
[EventCountry "COL"]
[SourceTitle "CBM 154 Extra"]
[Source "ChessBase"]
[SourceDate "2013.06.25"]
[SourceVersion "2"]
[SourceVersionDate "2013.06.25"]
[SourceQuality "1"]

1. e4 c5 2. Nf3 Nc6 3. Bc4 g6 4. 0-0 Bg7 5. d3 d6 6. h3 Nf6 7. Bd2 0-0 8. Nc3 a6 9. a3 e6 10. Bg5 h6 11. Bxf6 Bxf6 12. Qd2 Bg7 13. Rfe1 Kh8 14. Qe2 b5 15. Ba2 f5 16. exf5 exf5 17. Nd5 g5 18. Nh2 g4 19. hxg4 fxg4 20. Nf4 Qf6 21. g3 h5 22. Bd5 Bd7 23. Be4 Bh6 24. Ng6+ Kg7 0-1

[Event "North Region-ch U12 Girls"]
[Site "Hurtado"]
[Date "2013.04.13"]
[Round "4.2"]
[White "Tovar Meza, Lina"]
[Black "Palomino Penaranda, Stefany Caro"]
[Result "0-1"]
[WhiteElo "1415"]
[BlackElo "1422"]
[PlyCount "52"]
[EventDate "2013.04.11"]
[EventType "swiss"]
[EventRounds "5"]
[EventCountry "COL"]
[SourceTitle "EXT 2024"]
[Source "ChessBase"]
[SourceDate "2023.10.10"]
[SourceVersion "1"]
[SourceVersionDate "2023.10.10"]
[SourceQuality "1"]

1. e4 e5 2. Nf3 Nc6 3. c3 Nf6 4. Bc4 Bc5 5. d4 Bd6 6. 0-0 0-0 7. Bg5 Re8 8. d5 Na5 9. Nbd2 c6 10. b4 Nxc4 11. Nxc4 Bc7 12. d6 Bb8 13. Ncxe5 Re6 14. Nc4 b5 15. e5 bxc4 16. exf6 h6 17. fxg7 hxg5 18. Qd4 Rxd6 19. Qg4 Rg6 20. Qxc4 d5 21. Qd4 Rxg7 22. Rfe1 g4 23. Nd2 Qd6 24. Re8+ Kh7 25. Qd3+ Rg6 26. Rxc8 Qxh2+ 0-1

[Event "COL-ch U10 Girls"]
[Site "Albania"]
[Date "2012.06.28"]
[Round "3.4"]
[White "Garrido Rios, Laura Vanessa"]
[Black "Palomino Penaranda, Stefany Caro"]
[Result "0-1"]
[WhiteElo "1200"]
[BlackElo "1360"]
[PlyCount "21"]
[EventDate "2012.06.27"]
[EventType "tourn"]
[EventRounds "9"]
[EventCountry "COL"]
[SourceTitle "EXT 2024"]
[Source "ChessBase"]
[SourceDate "2023.10.10"]
[SourceVersion "1"]
[SourceVersionDate "2023.10.10"]
[SourceQuality "1"]

1. e4 e5 2. Nc3 Nf6 3. Nf3 Nc6 4. Bc4 Bb4 5. 0-0 d6 6. d3 Bg4 7. Bg5 h6 8. a3 Ba5 9. Bh4 g5 10. Bg3 Rg8 11. Bb3 0-1